[Event "Bundesliga 0203"]
[Site "Germany"]
[Date "2003.01.11"]
[Round "8.5"]
[White "Schenk, Andreas"]
[Black "Paehtz, Thomas Sr"]
[Result "1-0"]
[WhiteElo "2479"]
[BlackElo "2459"]
[Annotator "Ribli,Z"]
[PlyCount "87"]
[EventDate "2002.10.19"]
[EventType "team-tourn"]
[EventRounds "15"]
[EventCountry "GER"]
[SourceTitle "CBM 093"]
[Source "ChessBase"]
[SourceDate "2003.04.01"]
[SourceVersion "1"]
[SourceVersionDate "2003.04.01"]
[SourceQuality "1"]
[WhiteTeam "Baden Oos"]
[BlackTeam "Erfurt"]
[WhiteTeamCountry "GER"]
[BlackTeamCountry "GER"]

1. d4 g6 2. Nf3 Bg7 3. c4 d6 4. e4 {Bei der Springerentwicklung nach f3 ist
dieser Zug weniger logisch, weil d4 schwach werden kann.} (4. Nc3 Bg4 5. e3 $14
) 4... Bg4 5. d5 {Diese Fortsetzung wird selten gespielt - die Hauptvariante
wäre 5.Be2. Auf den ersten Blick ist dieser Zug nicht logisch, weil Weiß von
selbst die Diagonale des Bg7 öffnet, aber Nc6 ist nicht möglich.} (5. Be2 Nc6
6. Be3 e5 7. d5 Bxf3 8. Bxf3 Nd4) 5... Nd7 (5... c6 6. Be2 Qa5+ 7. Nbd2 Nf6 8.
O-O O-O 9. a3 Rc8 10. Rb1 Qc7 11. h3 Bd7 12. b3 cxd5 13. cxd5 Na6 14. Re1 Qc2
15. Qxc2 Rxc2 16. Bd1 Rc7 17. b4 Bb5 18. Be2 {1-0 Dorfman,J-Degraeve,J/Vichy
2000/CBM 79 (33)}) 6. Be2 Nc5 7. Nc3 $5 {[%mdl 4] Ein interessanter Zug - Weiß
opfert einen Bauern für Aktivität.} (7. Qc2 Nf6 8. Nc3 O-O 9. O-O c6 10. dxc6
bxc6 11. Be3 Bxf3 12. Bxf3 Nfd7 13. Qd2 Rb8 14. Rab1 Qa5 15. Rfc1 Rb7 16. b3
Rfb8 17. Rc2 Qb4 18. Qc1 Nd3 19. Qd2 N3c5 20. Qc1 Nd3 21. Qd2 {1/2-1/2 Minic,
D-Suttles,D/Zagreb 1972/EXT 2001 (21)}) 7... c6 $6 {Dieser Zug scheint mir zu
passiv, wonach Weiß einen kleinen, aber dauerhaften Positionsvorteil erhält.} (
7... Bxc3+ $5 {Es ist nicht schön nach g6 und Bg7 den Läufer zu tauschen, aber
- nach meiner Meinung - waere das die beste Möglichkeit für Schwarz.} 8. bxc3
Nxe4 9. Qd4 Ngf6 (9... Nef6 10. Rb1 $44) 10. Bh6 $44) 8. h3 Bxf3 9. Bxf3 cxd5 (
9... Nf6 $6 10. dxc6 bxc6 11. e5 $16) (9... Qa5 $5) 10. exd5 $1 {Das ist ein
guter Zug - nachfolgend bekommt Weiß aktives Spiel auf der e-Linie.} (10. cxd5
Nf6 11. O-O O-O 12. Be3 Nfd7 13. Rc1 $14) 10... Nf6 11. O-O O-O 12. Re1 $14 {
[%cal Ge1e7] Weiß hat Raumvorteil und das Läuferpaar. Die schwarze Stellung
ist fest, der Nc5 steht gut, aber er hat wenige Möglichkeiten auf aktives
Gegenspiel.} Rc8 13. Bg5 Re8 (13... h6 14. Be3 $14 {[%cal Gd1d2,Gd2h6]}) (13...
a5 14. a3 $14) 14. b4 {Nach diesem Zug muss der Stolz der schwarzen Stellung,
der Nc5 weichen.} Ncd7 15. Qb3 Nb6 (15... a5 16. a3 $14) 16. Be2 e6 $6 {
Dieser Zug schwächt die schwarze Bauernstellung, aber Schwarz möchte sich vom
weißen Druck befreien.} (16... Nfd7 17. Rac1 Ne5 18. Ne4 $14) (16... Qd7 17.
Bf1 $14 (17. c5 dxc5 18. Bb5 Qf5 $132) (17. Be3 $14)) 17. dxe6 Rxe6 (17... fxe6
$6 18. Rad1 $16) 18. Bg4 $1 {[%csl Gg4,Gg5][%cal Gg4c8,Gg5d8]} Rxe1+ 19. Rxe1
Rc7 (19... Rxc4) 20. Bf3 h6 21. Be3 Re7 (21... Nxc4 22. Nb5 Ne5 (22... Rc8 23.
Nxa7 Rc7 24. Nb5 Rc8 25. Bxb7 $16) (22... Nxe3 23. Nxc7 Nxg2 24. Ne6 $16) 23.
Nxc7 Nxf3+ 24. gxf3 Qxc7 25. Qd3 $16) 22. Rd1 {[%csl Rd6,Ge3,Gf3][%cal Gd1d8]
[%mdl 2048] Weiß hat großes positionelles Übergewicht am Damenflügel. Seine
Figuren stehen aktiv und der Pd6 ist sehr schwach.} Qe8 23. Rd3 {Weiß
verteidigt den Be3 und verhindert die schwarzen taktischen Möglichkeiten mit
Rxe3.} (23. Rxd6 Rxe3 24. fxe3 Qxe3+ 25. Kf1 Ne8 26. Ne4 Qxb3 27. axb3 Nxd6 28.
Nxd6 $16) 23... Nbd7 {[%cal Gd7e5]} 24. Nd5 (24. Bxb7 $2 Ne5 $19 {[%cal Re7b7,
Re5d3]}) 24... Nxd5 25. Rxd5 (25. Bxd5 $16) 25... Ne5 26. Rxd6 $1 {Einfaches
Schach - Weiß nimmt den Pd6 und hat keine Angst vor der Schwächung der
Bauernstruktur am Königsflügel.} (26. Be2 $16) 26... Nxf3+ 27. gxf3 $16 {
Weiß hat einen Bauern mehr und ich sehe kein Gegenspiel für Schwarz - die
weißen Bauern sind gar nicht schwach am Königsflügel.} Be5 28. Rd5 Qc6 29. Qd3
Qf6 30. Kg2 {Alles ist verteidigt in der weißen Stellung.} Bc7 31. Qd4 Qe6 (
31... Qxd4 32. Rxd4 $16 (32. Bxd4 $16)) 32. Bxh6 $18 {Weiß hat schon zwei
Bauern mehr und steht auf Gewinn.} f5 (32... Be5 33. Rd8+ Kh7 34. Qh4 $18) 33.
Bg5 (33. Qxa7 $18) 33... Be5 34. Rd8+ Kg7 35. Qh4 Re8 36. Qh6+ Kg8 37. Qh4 (37.
Bf6 $1 Bxf6 38. Qxg6+ Kf8 39. Rxe8+ Qxe8 40. Qxf6+ $18) 37... Bg7 (37... Kg7)
38. Rxe8+ Qxe8 39. Qf4 Qc6 40. h4 Kh7 41. b5 (41. h5 $18) 41... Qb6 42. Qd2 {
[%cal Gg5e3,Ge3b6]} Bd4 43. Be3 Bxe3 44. Qxe3 1-0

[Event "EU-Cup 18th"]
[Site "Kallithea"]
[Date "2002.09.27"]
[Round "6.1"]
[White "Ivanchuk, Vassily"]
[Black "Azmaiparashvili, Zurab"]
[Result "1-0"]
[WhiteElo "2711"]
[BlackElo "2676"]
[Annotator "Ribli,Z"]
[PlyCount "103"]
[EventDate "2002.09.22"]
[EventType "team-swiss"]
[EventRounds "7"]
[EventCountry "GRE"]
[SourceTitle "CBM 092"]
[Source "ChessBase"]
[SourceDate "2003.02.06"]
[SourceVersion "1"]
[SourceVersionDate "2003.02.06"]
[SourceQuality "1"]
[WhiteTeam "Warsaw Polonia"]
[BlackTeam "Kiseljak"]
[WhiteTeamCountry "POL"]
[BlackTeamCountry "BIH"]

1. e4 d6 2. d4 g6 3. c4 e5 {Das ist eine seltene Variante. Gewöhnlich man
spielt 3...Bg7.} 4. Nf3 (4. dxe5 dxe5 5. Qxd8+ Kxd8 $11) (4. Nc3 Nc6 (4... exd4
5. Qxd4 Nf6 6. Bg5 Nbd7 (6... Bg7 $2 7. e5 $1 (7. Nf3 h6 8. Be3 O-O 9. Qd2 $14)
7... dxe5 (7... Qe7 8. Nd5 dxe5 9. Qh4 Nxd5 10. Bxe7 Nxe7 11. c5 $16) 8. Qxd8+
Kxd8 9. Nd5 Nbd7 10. O-O-O $18) 7. f4 h6 8. Bh4 c5 9. Qd3 g5 10. fxg5 Ng4 11.
Nf3 Nde5 12. Qd2 Be7 13. O-O-O Be6 $13) 5. d5 Nce7 6. Bd3 Bg7 7. Nge2 f5 8.
exf5 Nxf5 9. O-O Nf6 $11) 4... Bg4 5. Be2 (5. dxe5 Bxf3 6. gxf3 dxe5 7. Qxd8+
Kxd8 8. Nc3 Bd6 9. Be3 c6 10. O-O-O Ke7 11. Bh3 Nf6 12. f4 Nfd7 13. fxe5 Nxe5
14. Bg5+ f6 15. Bxf6+ Kxf6 16. Rxd6+ Kg7 17. c5 Rf8 18. Rf1 Na6 {1/2-1/2
Petursson,M-Azmaiparashvili,Z/Yerevan 1996/EXT 97 (26)}) (5. d5 Nd7 6. Nbd2
Ngf6 7. h3 Bxf3 8. Qxf3 h5 9. h4 Bh6 10. g3 O-O 11. Bh3 a5 12. O-O Nc5 13. Re1
Ne8 14. Qe2 Ng7 15. Nf3 {1-0 Knaak,R-Mohr,S/Bad Lauterberg 1991/CBM 27 (40)})
5... Nc6 (5... exd4 6. Nxd4 Bxe2 7. Qxe2 $14) (5... Bxf3 6. Bxf3 Nc6 (6... exd4
$2 7. Qxd4 Nf6 8. e5 $18) 7. d5 Nd4 {Das wäre nur Zugumstellung zur
Partiefortsetzung.}) 6. d5 Bxf3 7. Bxf3 Nd4 {[%csl Gd4] Der d4N steht stark,
aber Weiss hat Raumvorteil und eine gesunde Stellung.} 8. Be3 Nxf3+ (8... c5 9.
dxc6 Nxc6 (9... Nxf3+ 10. Qxf3 bxc6 11. Nc3 $14) 10. Nc3 (10. Qd2 Bg7 11. Nc3
$16) 10... Bh6 11. O-O $16) 9. Qxf3 $14 {Weiss hat Raumvorteil und bessere
Entwicklung.} Qd7 {[%cal Gf7f5]} (9... Bh6 10. O-O $14) 10. g4 {Der Textzug
richtet sich gegen f7-f5. Dieses Motiv ist typisch in der Koenigsindischen
Verteidigung.} (10. Nc3 f5 11. exf5 gxf5 (11... Qxf5 12. Qe2 $14) 12. Bg5 Bg7
13. O-O-O Nf6 14. Bxf6 Bxf6 15. Qh5+ Kf8 $13) 10... h5 (10... f5 11. gxf5 gxf5
12. Qxf5 (12. exf5 $14) 12... Qxf5 13. exf5 Ne7 14. f6 Ng8 15. Nc3 Nxf6 16. Bg5
$14) (10... Bg7 11. Nc3 (11. h4 Nf6 $1 12. Rg1 (12. g5 Nh5 13. Nc3 O-O 14.
O-O-O f5 $36) 12... h5 13. g5 Ng4 $132) (11. Nd2 Ne7 12. h4 h5 13. g5 O-O 14.
O-O-O b5 (14... c6 15. Kb1 $14) 15. c5 c6 $132) 11... h5 12. g5 Qg4 13. Ke2 f5
14. gxf6 Nxf6 15. Rhg1 Qxf3+ 16. Kxf3 O-O 17. Ke2 Kh7 18. f3 a6 $14 {Ähnliche
Stellung bekkommen wir in der Partie.}) 11. g5 Qg4 12. Nd2 (12. Qxg4 hxg4 13.
Nc3 Be7 14. Kd2 Rh5 15. Rag1 Bxg5 16. Bxg5 Rxg5 17. h3 g3 18. fxg3 Rh5 19. h4
Nf6 20. g4 $14) 12... f5 (12... Qxf3 13. Nxf3 f5 14. Nh4 Ne7 15. exf5 gxf5 16.
f4 $14) 13. gxf6 (13. exf5 gxf5 $132) 13... Qxf3 14. Nxf3 Nxf6 15. Rg1 {
[%csl Gg1][%cal Gg1g6]} Rg8 (15... Nxe4 16. Rxg6 Kf7 17. Rg2 (17. Rg1 Bh6 18.
Ke2 Raf8 $132 19. Bxh6 Rxh6 20. Ke3 Nf6 21. Ng5+ Ke7 22. f3 c6 $11) 17... Bh6
18. Ke2 $14) 16. Ng5 Bh6 (16... Ng4 17. Ne6 $16 {[%csl Ge6]}) 17. f3 Bxg5 $6 (
17... Kd7 18. h4 $14 (18. Ke2 $14)) (17... Nh7 $5 18. Nxh7 (18. Ke2 Bxg5 19.
Bxg5 Nxg5 20. Rxg5 Kf7 21. Rag1 Kf6 22. h4 Raf8 $11) 18... Bxe3 19. Rg2 Ke7 $1)
18. Rxg5 b6 $2 (18... Nh7 19. Rg2 g5 $2 20. Ke2 $16 {[%csl Rg5][%cal Ga1g1,
Gg1g5]}) (18... Kf7 19. Kd2 (19. c5 $14) 19... Nh7 (19... a6 20. Rag1 Raf8 21.
b4 $14) 20. Rg2 g5 21. Rag1 g4 22. fxg4 hxg4 23. Kd3 (23. Rf1+ Ke7 24. Rgf2
Raf8 25. Rxf8 Nxf8 $132) 23... Nf6 24. Rf1 $14) 19. Kd2 a5 20. Kc3 $1 {[%csl
Gc3][%mdl 32] Der König steht aktiv auf c3 und im Folgenden muss Schwarz mit
dem Eindringen des Königs rechnen.} Kf7 21. Kb3 {[%cal Gb3a4,Ga4b5]} Nh7 (21...
a4+ $6 22. Ka3 $16 {[%csl Ra4]}) 22. Rg3 g5 {Dieser Zug verliert eigentlich
einen Bauern, aber guter Rat ist schon teuer - Schwarz hat eine sehr passive
Stellung - ohne Gegenspiel.} 23. Rag1 {[%csl Rg5]} g4 (23... Kf6 24. h4 $16)
24. fxg4 hxg4 25. Rxg4 Rxg4 26. Rxg4 $16 {[%mdl 4096] Weiss hat einen Bauern
mehr. Die Verwertung des Materialvorteils ist aber noch nicht leicht.} Nf6 27.
Rg2 (27. Rh4 Rg8 $132 {[%cal Gg8g1]}) 27... Rh8 (27... Nxe4 28. Ka4 $16 {
[%csl Ga4][%cal Ga4b5,Gb5c6]}) 28. Ka4 Nxe4 29. Kb5 Kf6 (29... Rh3 30. Re2 $16)
30. Kc6 Rh7 31. h4 $1 {[%csl Gh4] Weiss mobilisiert seine Reserven - der h4P
ist sehr gefaehrlich fuer Schwarz.} Kf5 (31... Rxh4 32. Kxc7 $16) 32. h5 {
[%cal Gh5h6] Droht einfach 33.h6.} Nf6 33. Rf2+ Ke4 34. Bxb6 $1 (34. Rxf6 $2
Kxe3 35. h6 e4 36. Rg6 Kd2 37. Rg7 Rxh6 $19) 34... Ng4 (34... cxb6 35. Rxf6 $18
) 35. Rg2 (35. Re2+ $2 Kf3) 35... Ne3 (35... Kf3 36. Rxg4 Kxg4 37. Bxc7 e4 (
37... Rxh5 38. Bxa5 e4 39. c5 dxc5 40. d6 $18) 38. Bxa5 $18) 36. Bxe3 Kxe3 37.
Rg8 (37. Rh2 $2 Kd4 38. b3 e4 39. h6 e3) 37... Kd4 (37... e4 38. Rc8 $1 (38. c5
dxc5 39. Rc8 Kd4 40. Rxc7 Rxc7+ 41. Kxc7 Kxd5 42. h6 e3 43. h7 e2 44. h8=Q e1=Q
$11) 38... Kd4 39. Rxc7 Rxc7+ 40. Kxc7 e3 41. h6 e2 42. h7 e1=Q 43. h8=Q+ Kxc4
44. Kc6 $18) 38. Rc8 Kxc4 (38... e4 39. Rxc7 Rxc7+ 40. Kxc7 e3 41. h6 {Das
waere nur Zugumstellung zur Variante 37...e4.}) 39. Rxc7 Rh6 (39... Rxh5 40.
Kxd6+ Kd4 41. Kc6 $18) (39... Rxc7+ 40. Kxc7 e4 41. h6 e3 42. h7 e2 43. h8=Q
e1=Q 44. Kxd6 $18) 40. Rd7 Rxh5 41. Rxd6 $18 Rh2 42. Re6 (42. Rg6 Kd4 43. d6
Rc2+ 44. Kd7 $18) 42... Rc2 (42... Rxb2 43. d6 $18) 43. d6 (43. Rxe5 Kd4+ 44.
Kd6 Rxb2) 43... Kd4+ 44. Kd7 Kd5 (44... Rxb2 45. Ke7 $18) 45. Ke7 Rh2 46. Rg6 (
46. d7 Rh7+ 47. Kf6 Rxd7 $132) 46... Rh7+ 47. Kd8 Kc6 48. d7+ Kb7 49. Re6 a4
50. Rxe5 Kc6 51. Re6+ Kb7 52. Rd6 (52. Ke8 Rh8+ 53. Ke7 Kc7) (52. Rd6 $1 $18)
1-0

[Event "Vidmar Memorial 14th"]
[Site "Portoroz"]
[Date "2001.07.10"]
[Round "8"]
[White "Crisan, Alexandru"]
[Black "Macieja, Bartlomiej"]
[Result "0-1"]
[WhiteElo "2635"]
[BlackElo "2588"]
[Annotator "Ribli,Z"]
[PlyCount "88"]
[EventDate "2001.07.03"]
[EventType "tourn"]
[EventRounds "9"]
[EventCountry "SLO"]
[EventCategory "14"]
[SourceTitle "CBM 085"]
[Source "ChessBase"]
[SourceDate "2001.11.13"]
[SourceVersion "1"]
[SourceVersionDate "2001.11.13"]
[SourceQuality "1"]

1. d4 d6 2. c4 e5 3. dxe5 {Dieser bescheidene Zug verspricht Weiß keinen
Eröffnungsvorteil. Die Alternativen 3.Nf3 und 3.Nc3 sind stärker.} dxe5 4.
Qxd8+ Kxd8 {Es ist untypisch, dass die Damen nach nur vier Zügen vom Brett
verschwunden sind. Schwarz kann jetzt zwar nicht mehr rochieren, aber sein
König steht gar nicht so schlecht auf d8. In der Folge findet er nach c6-Kc7
einen sicheren Platz.} 5. Nf3 (5. Nc3 Be6 6. b3 Nd7 7. g3 Bb4 8. Bd2 c6 9. Bh3
Bxh3 10. Nxh3 h6 11. f3 Ngf6 12. Nf2 $11) 5... f6 6. Nc3 Be6 7. e4 {Dieser Zug
gefällt mir nicht - Weiß schwächt von sich aus das Feld d4.} (7. b3 c6 8. Bb2
Nd7 9. g3 Kc7 10. Bg2 Nh6 11. O-O a5 12. Rac1 Nc5 13. Nd2 Be7 $11) 7... c6 8.
Be3 Nd7 9. Be2 Ne7 (9... Kc7 10. O-O g6 (10... g5 11. Rab1 g4 12. Nh4 Bh6 13.
Nf5 Bxe3 14. fxe3 h5 15. b4 Nh6 {0-1 Idessis,D-Mehlhorn,U/Hermannen 1997/EXT
2001 (37)}) (10... a5 11. b3 Bc5 12. a3 Bxe3 13. fxe3 Nh6 14. Ne1 Nc5 {0-1
Byrne,S-West,G/Sydney 1995/EXT 98 (29)}) 11. a3 Nh6 12. b4 Nf7 13. Nd2 f5 14.
f3 Be7 15. c5 Nf6 16. Nc4 f4 17. Bf2 g5 18. Rfc1 g4 19. Nd6 gxf3 20. Bxf3 Ng5 {
0-1 Lukan,D-Srebrnic,A/Nova Gorica 1999/CBM 71 ext (76)}) 10. O-O-O Nc8 $11 {
Schwarz hat eine bequeme Stellung ohne Schwächen erreicht. Weiß hat scheinbar
Raumvorteil, aber das Feld d4 ist immer ein positionelles Loch in seiner
Stellung.} 11. Na4 $6 {Weiß plant 12.Nc5, aber Schwarz kann den Springerzug
auf einfache Weise verhindern.} (11. Kc2 $11) (11. Rd2 Kc7 12. Rhd1 $11) 11...
Kc7 12. Nd2 Ncb6 13. Nxb6 $6 {Damit stärkt Weiß nur die gegnerische
Bauernstellung.} (13. Nc3 Bb4 14. Kc2 Rhd8 $11) 13... axb6 {[%cal Gf8c5]} (
13... Nxb6 $11) 14. a3 (14. Kb1 Bc5 $15) 14... Bc5 $15 {[%csl Yd4] Schwarz
möchte die schwarzfeldrigen Läufer abtauschen - wonach die Schwäche des Feldes
d4 offenbar würde.} 15. Kc2 (15. Bxc5 Nxc5 $15) 15... Rhd8 (15... Bxe3 16. fxe3
$15) 16. Nb1 {Weiß möchte 17.b4 ziehen und verteidigt deshalb den Pa3.} Bf7 {
[%cal Gf7g6,Gg6b1]} 17. b4 Bxe3 18. fxe3 Bg6 19. Bf3 (19. Bd3 Nf8 $15) 19... f5
$1 {[%mdl 32] Auf den ersten Blick wirkt es kaum logisch, dass Schwarz die
Bauern im Zentrum abtauschen will. In Wirklichkeit aber bewirkt Schwarz damit
eine weitere positionelle Schwächung der gegnerischen Stellung.} 20. exf5 Bxf5+
21. Kb2 (21. e4 Bg6 $15 {[%csl Yd4][%cal Gd7f8,Gf8e6,Ge6d4]}) 21... Bxb1 $1 22.
Rxb1 e4 23. Be2 (23. Bxe4 Re8 24. Bxh7 Rxe3 25. Ra1 Ne5 $15 {[%csl Rb2]}) 23...
Ne5 {[%csl Ge4,Ge5]} 24. Rbd1 Rxd1 25. Rxd1 Rf8 {[%cal Gf8f2][%mdl 4096]} 26.
Kc3 (26. Rf1 Rxf1 27. Bxf1 Ng4 $17 {[%cal Rg4e3,Rg4h2]}) 26... Rf2 {[%cal
Rf2e2,Rf2h2]} 27. Kd4 Nd7 (27... Rxe2 28. Kxe5 Rxg2 29. Kxe4 Rxh2 30. Rg1 g6
31. Rf1 $15) 28. Bf1 (28. Rd2 Rxg2 (28... Nf6 29. g4 Nxg4 $17) 29. Kxe4 Rxh2
$17) 28... Nf6 29. h3 Nh5 $17 {[%cal Rh5g3,Rg3f1]} (29... Ra2 30. g4 h6 $17)
30. c5 {Weiß befreit seinen Bf1.} bxc5+ (30... b5 $5 $17 {[%csl Rf1]}) 31. bxc5
Ng3 32. Bc4 Rxg2 {Endlich hat Schwarz einen Bauern gewonnen. Zudem hat er die
aktivere Figurenstellung.} 33. Ke5 {Dieser Zug hilft auch nichts, aber guter
Rat war hier schon teuer.} (33. Bg8 Rh2 34. Bxh7 Rxh3 35. Bg8 Ne2+ 36. Ke5 Rh5+
37. Ke6 Rxc5 38. Rd7+ Kb6 39. Rxg7 Rc3 $19) 33... Rc2 34. Rg1 (34. Rd4 g5 35.
Kf6 h6 $17) 34... Rxc4 35. Rxg3 g6 36. Kf4 (36. Rg1 Rxc5+ 37. Kxe4 Rc4+ 38. Kd3
Ra4 39. Ra1 b5 $19) 36... Rxc5 37. Kxe4 Kd6 (37... Ra5 38. Rf3) 38. Rf3 Rc4+
39. Kd3 b5 (39... Ra4 40. Rf7 {[%cal Rf7b7,Rf7h7]}) 40. Rg3 Ra4 $19 {[%csl Ra3]
Schwarz gewinnt den zweiten Bauern, das Endspiel ist leicht gewonnen.} 41. Rg5
Rxa3+ 42. Ke4 Ra4+ 43. Kd3 c5 44. e4 Ra3+ 0-1

[Event "Bonn GSK"]
[Site "Bonn"]
[Date "1996.??.??"]
[Round "?"]
[White "Ruzele, Darius"]
[Black "Seul, Georg"]
[Result "1-0"]
[WhiteElo "2520"]
[BlackElo "2445"]
[Annotator "Ribli,Z"]
[PlyCount "81"]
[EventDate "1996.08.??"]
[EventType "tourn"]
[EventRounds "12"]
[EventCountry "GER"]
[EventCategory "12"]
[SourceTitle "CBM 056"]
[Source "ChessBase"]
[SourceDate "1997.02.01"]
[SourceVersion "1"]
[SourceVersionDate "1997.02.01"]
[SourceQuality "1"]

1. d4 d6 2. Nf3 Bg4 3. c4 Bxf3 4. exf3 e6 5. Qb3 (5. Nc3) 5... Qc8 6. d5 e5 {
Schwarz muß die Stellung wenn möglich geschlossen halten.} 7. f4 Nd7 8. Be2
Ngf6 9. O-O Be7 10. Nc3 O-O 11. Re1 $5 $146 (11. Be3 a5 12. Rad1 exf4 13. Bxf4
Nc5 14. Qc2 Nfd7 {Gavrikov,V-Miles,A/Horgen/1994/CBM43.}) 11... Re8 12. Qc2 a5
13. Be3 $14 {Weiß hat Raumvorteil und das Läuferpaar. Es ist für Schwarz - in
der ganzen Partie - nicht leicht, einen guten Plan zu finden.} exf4 14. Bxf4
Nc5 15. Nb5 Qd7 (15... Nfd7 16. Bg4) 16. Bf1 Bf8 (16... b6 17. Bd2 Bf8 18. Bc3
Nfe4 19. Bd4 {Das führt zu ähnlichen Stellungen wie in der Partie.}) 17. Rxe8
Rxe8 18. Bd2 {Alles geht mit Tempo!} b6 19. Bc3 Be7 20. Bd4 Bd8 21. a3 $1 {
Weiß besitzt großes Übergewicht am Damenflügel. Sein Gegner kann nichts machen,
nur warten.} Na6 22. Rb1 Qg4 23. b4 axb4 24. axb4 Nd7 25. h3 Qg6 $6 {Das hilft
nur Weiß, aber nach 25...Qh5 steht der Anziehende klar besser.} 26. Bd3 Qh6 27.
Bc3 Ne5 (27... Bf6 28. Ra1 $2 (28. Bd2 Bg5 (28... Qh4) 29. Bxg5 Qxg5 30. Bxh7+)
(28. Nd4 $5 Nxb4 $2 29. Rxb4 Bxd4 30. Bxd4 Re1+ 31. Kh2 (31. Bf1 $18) 31...
Qf4+) 28... Nxb4) 28. Bf1 $1 {Weiß hält die Spannung aufrecht. Schwarz ist
hilflos gegen die mannigfaltigen Drohungen.} Nb8 29. Bd2 Qh4 30. Re1 $1 {
Droht /\ Re4,f4 ><e8} Rf8 31. Re4 Qh5 32. f4 Ng6 33. Be2 Qf5 $8 (33... Qh4 34.
f5) (33... Qh6 34. f5) 34. Bg4 Qf6 35. Bc3 Qh4 36. Nd4 $18 {Und jetzt droht 37.
Nf5 mit Damengewinn.} Ne7 37. Nf3 Qh6 38. f5 Nd7 $2 (38... Nc8) 39. Bd2 Qf6 40.
Bg5 Qa1+ 41. Re1 {Und Schwarz gab auf. Gegen den Figurenverlust ist nichts zu
machen.} 1-0

[Event "Gistrup"]
[Site "Gistrup"]
[Date "1996.??.??"]
[Round "4"]
[White "Filippov, Valerij"]
[Black "Kovalev, Andrei"]
[Result "1-0"]
[WhiteElo "2565"]
[BlackElo "2450"]
[Annotator "Ribli,Z"]
[PlyCount "83"]
[EventDate "1996.07.15"]
[EventType "tourn"]
[EventRounds "9"]
[EventCountry "DEN"]
[EventCategory "10"]
[SourceTitle "CBM 055"]
[Source "ChessBase"]
[SourceDate "1996.12.01"]
[SourceVersion "1"]
[SourceVersionDate "1996.12.01"]
[SourceQuality "1"]

1. Nf3 d6 2. d4 Bg4 3. e4 Nf6 4. Nc3 e6 5. Be2 {Ribli.Das ist eine ganz solide
Aufbau mit etwas besseren Aussichten fuer Weiss. Aber ich denke prinzipiell
ist 5.h3 Bh5 6.Qe2 staerker.} d5 (5... Be7 6. O-O O-O 7. Be3 d5 8. exd5 exd5 9.
Ne5 Bxe2 10. Nxe2 Nbd7 11. Ng3 Bd6 12. Bf4 Re8 13. Nd3 $10 {Andersson,
U-Speelma,J/Rotterdam tt/1991/}) 6. exd5 (6. e5 Ne4 $5 (6... Nfd7 7. O-O c5))
6... exd5 (6... Nxd5 7. Nxd5 exd5 8. Ne5 Be6 9. O-O Be7 10. f4 f5 11. Bd3 O-O
12. Qe2 $14 {Filippov,V-Arkhangelsky,V/RUS-chT/1994/EXP45/}) 7. Ne5 {Ribli.
Diese Position erinnert mich an die franzoesische Abtauschvariante.Weiss geht
kein Risiko ein und hat geringen Vorteil.} Bxe2 $6 (7... Bf5 8. O-O Bd6 (8...
Be7 9. Bd3 Bxd3 10. Qxd3 c6 11. Ne2 O-O 12. Ng3 Nbd7 13. Bf4 Nxe5 $10 {
Speelman,J-Kosten,A/ENG-ch/1991/CBM28/}) 9. Bf3 c6 10. Re1 O-O 11. Bf4 Re8) (
7... Be6 8. Bg5 Be7 9. O-O c6 10. Re1 Nbd7 11. Nxd7 {remis Kochyev,A-Minasian,
A/St. Petersburg op/1993/}) 8. Qxe2 Qe7 (8... Be7 9. Qb5+) 9. O-O c6 10. Re1
Qe6 (10... h6 11. Qd1) 11. Bg5 Be7 12. Bxf6 (12. Nd3 Qxe2 13. Rxe2 $16) 12...
gxf6 (12... Qxf6 13. Nxd5 cxd5 14. Qb5+ $18) (12... Bxf6 13. Nxd5 cxd5 14. Qb5+
$18) 13. Qh5 $16 {Ribli.Weiss spielt einfach und stark.} fxe5 $8 14. Rxe5 Qf6
15. Rae1 Nd7 16. Rxe7+ Qxe7 17. Rxe7+ Kxe7 18. Nd1 {Ribli.Weiss steht viel
aktiver und hat dazu noch einen Bauernvorteil.} Rag8 19. Ne3 Rg6 20. f3 h6 21.
Qh4+ Nf6 22. Qf4 Nd7 23. Qc7 {Ribli.Die aktive weisse Dame ist viel wertvoller,
als die schwarzen Tuerme.} Rf6 24. Kf2 h5 25. Qxb7 $18 Kd6 (25... Rb8 26. Qxa7
Rxb2 27. Qa3+ $18) 26. Qxa7 Re8 27. c4 $1 {Ribli.Vielleicht waere es besser
fuer Schwarz, hier aufzugeben.} dxc4 28. Nxc4+ Ke7 29. Qa3+ Kd8 {Ribli.Weiss
hat eine total gewonnene Stellung mit drei Bauern mehr. Die restlichen Zuege
beduerfen keinerlei Kommentar.} 30. Nd6 Ree6 31. Qa8+ Ke7 32. Nc8+ Kf8 33. Nb6+
Ke7 34. Qb7 Rd6 35. Nc8+ Ke6 36. Nxd6 {Ribli. Das ist der letzte Moment fuer
eine korrekte Aufgabe.} Kxd6 37. a4 Rf5 38. a5 Rb5 39. Qa8 Rxb2+ 40. Kg3 Rb5
41. a6 Rb8 42. Qxb8+ {Ribli} 1-0

[Event "Prague Bohemians-A"]
[Site "Prague"]
[Date "1990.??.??"]
[Round "?"]
[White "Rogers, Ian"]
[Black "Klaric, Zlatko"]
[Result "1/2-1/2"]
[WhiteElo "2515"]
[BlackElo "2400"]
[Annotator "Ribli,Z"]
[PlyCount "97"]
[EventDate "1990.01.??"]
[EventType "tourn"]
[EventRounds "13"]
[EventCountry "CZE"]
[EventCategory "8"]
[SourceTitle "CBM 017"]
[Source "ChessBase"]
[SourceDate "1990.08.01"]
[SourceVersion "1"]
[SourceVersionDate "1990.08.01"]
[SourceQuality "1"]

1. c4 g6 2. Nc3 Bg7 3. d4 d6 4. Nf3 Bg4 5. e3 e5 6. Be2 Nc6 7. O-O exd4 {
8...Nf6 Denker,A-Ivanov,AV New York op (9) 1989  CBM/12} 8. Nxd4 Bxe2 9. Ndxe2
Nf6 10. b3 O-O 11. Ba3 {11.Bb2, d5 12.cxd5, (12.Nxd5, Nxd5 13.Bxg7, Nxe3!) 12..
.Nxd5 13.Qxd5, Qxd5 14.Nxd5, Bxb2 15.Rab1, Be5 =} Qe7 12. Rc1 Qe5 13. Nd5 Rac8
14. Nef4 Rfe8 15. Qc2 {15.Rc2!? /\ Bb2} Qe4 {16.Rfd1!?} 16. Qxe4 Nxe4 17. Rfd1
a5 18. f3 Nc5 19. Kf2 Ne5 20. Bxc5 dxc5 21. a4 c6 22. Nc3 f5 23. h3 Re7 24. g4
Bh6 25. gxf5 gxf5 26. Ng2 Rce8 27. f4 Ng6 28. Ne2 Rf7 29. Ng3 Bf8 30. Kf3 {
30.Rc3!?} Rb8 31. Rc3 b5 32. cxb5 cxb5 33. axb5 Rxb5 34. Rd8 Rfb7 35. h4 Ne7
36. h5 Kf7 37. Nh4 Bg7 $1 38. Rc2 Bf6 $1 39. Ng2 Rxb3 40. Rxc5 R3b5 41. Rxb5
Rxb5 42. Ra8 Nc6 43. Ra6 Nb8 44. Ra7+ Be7 45. Ne2 Nc6 46. Ra6 Nb4 47. Ra7 Nc6
48. Ra6 Nb4 49. Ra7 1/2-1/2